000 00459cam a22001934a 4500
005 20250605164314.0
008 250528s ||||||||||||||||||||||||d
035 _a22621
020 _a9780141311302
040 _aGR-AtMCL
_bgre
_dGR-AtMCL
_eAACR2
245 1 _aCHARLIE AND THE CHOCOLATE FACTORY
250 _a1
260 _bPenguin Books,
_c1995
300 _a189
700 1 _aDahl Roald
_98378
942 _cBK
999 _c7669
_d7669